00487nam a2200217Ia 4500003000900000005001700009008004100026040001300067040001300080041000800093100001900101100001400120245003200134250000900166260003300175260000900208300001100217300001000228490002500238490000600263IT-RoPAU20220918175710.0120407s9999 xx 000 0 und d aIT-RoPAU cIT-RoPAU aita aJean Gribomont ca cura di aCommentaria in S. Regula, I aRoma aPontificio Ateneo S. Anselmo c1982 a143 p. c24 cm aStudia Anselmiana 84 v1